000 00462nam a22001817a 4500
003 NUST - PNEC
005 20170116181101.0
008 150826b xxu||||| |||| 00| 0 eng d
020 _a-
040 _cLIBRARY
082 _a621.4023 ROG
100 _95777
_aRogers, Gordon
245 _aEngineering thermodynamics : Work and heat transfer
_cGordon Rogers
250 _a2nd ed.
260 _cc.1967
650 _95779
_aThermodynamics
_xME
942 _2ddc
_cBK
999 _c68763
_d68763